| 000 | 00407nam a2200145Ia 4500 | ||
|---|---|---|---|
| 008 | 230312s9999||||xx |||||||||||||| ||und|| | ||
| 020 | _a9780205998258 | ||
| 082 |
_a771.4 _bLON-A |
||
| 100 | _aLeonard,Neil | ||
| 245 | 0 | _aBecoming a Successful Graphic Designer Becoming a successful graphic designer | |
| 260 |
_bPearson _aUSA _c2015 |
||
| 300 | _a233 | ||
| 650 |
_aComputer _vImage processing |
||
| 942 | _cBK | ||
| 999 |
_c17142 _d17142 |
||